| 000 | 00566 a2200217 4500 | ||
|---|---|---|---|
| 001 | 21727 | ||
| 999 |
_c21727 _d8398 |
||
| 003 | TR-AnTOB | ||
| 005 | 20200414182318.0 | ||
| 008 | 041216s2003 tu tur | ||
| 041 | _atur | ||
| 050 |
_aTK7868.D5 _bB47 2003 |
||
| 090 | _aTK7868.D5 B47 2003 | ||
| 100 |
_aBereket, Metin _934456 |
||
| 245 | 0 |
_aTemel elektronik / _cMetin Bereket ; Engin Tekin. |
|
| 264 | 1 |
_aİstanbul : _bBirsen Yayınevi, _c2003 |
|
| 300 |
_a196 p. : _bill. ; _c24 cm. |
||
| 500 | _aIncludes bibliographies | ||
| 650 |
_aSayısal elektronik _96218 |
||
| 902 | _a0004067 | ||
| 942 | _cBK | ||